Máquinas eléctricas
Saved in:
| Hovedforfatter: | |
|---|---|
| Format: | Bog |
| Sprog: | spansk |
| Udgivet: |
Bogotá
McGraw-Hill
2000
|
| Udgivelse: | 3a. ed |
| Fag: | |
| Tags: |
Tilføj Tag
Ingen Tags, Vær først til at tagge denne postø!
|
MARC
| LEADER | 00000nam a2200000 a 4500 | ||
|---|---|---|---|
| 001 | UCM5451 | ||
| 003 | CL-VaPUC | ||
| 008 | 021011e20000000CK |||||||||||||||||spa|d | ||
| 020 | |a 9584100564 | ||
| 082 | 0 | 4 | |a 621.313 |b CHA |2 21 |
| 100 | 0 | |a Chapman, Stephen J |e author |9 471726 | |
| 245 | 1 | 0 | |a Máquinas eléctricas |
| 250 | |a 3a. ed | ||
| 300 | |a 768 p | ||
| 942 | |c BK | ||
| 945 | |d 20021011 00:00:00 |a cmena | ||
| 260 | |a Bogotá |b McGraw-Hill |c 2000 | ||
| 650 | 0 | |a Transformadores eléctricos |9 263198 | |
| 650 | 0 | |a Electrónica de potencia |9 263153 | |
| 650 | 7 | |a GENERADORES ELECTRICOS |2 CL-VaPUC |9 471727 | |
| 650 | 0 | |a Motores eléctricos |9 260085 | |
| 583 | |a last modification |c 20021011 00:00:00 |k Rodrigo Vera | ||
| 999 | |c 301513 |d 301511 | ||
| 952 | |0 0 |1 0 |2 ddc |4 0 |6 621_313000000000000_CHA_2000 |7 0 |8 A |9 360565 |a BIBING |b BIBING |c RES |d 2019-11-21 |i 3844676 |o 621.313 CHA 2000 |p 3844676 |r 2025-01-20 |w 2019-11-21 |y BK |k EIE | ||
| 952 | |0 0 |1 0 |2 ddc |4 0 |6 621_313000000000000_CHA_2000 |7 0 |8 A |9 360566 |a BIBING |b BIBING |c RES |d 2019-11-21 |i 3861392 |o 621.313 CHA 2000 |p 3861392 |r 2025-01-20 |w 2019-11-21 |y BK |k EIE | ||
| 952 | |0 0 |1 0 |2 ddc |4 0 |6 621_313000000000000_CHA_2000 |7 0 |8 A |9 360568 |a BIBING |b BIBING |c RES |d 2019-11-21 |i 3861414 |o 621.313 CHA 2000 |p 3861414 |r 2025-01-20 |w 2019-11-21 |y BK |k EIE | ||
| 952 | |0 0 |1 0 |2 ddc |4 0 |6 621_313000000000000_CHA_2000 |7 0 |8 A |9 360569 |a BIBING |b BIBING |c RES |d 2019-11-21 |i 3861422 |o 621.313 CHA 2000 |p 3861422 |r 2025-01-20 |w 2019-11-21 |y BK |k EIE | ||
| 952 | |0 0 |1 0 |2 ddc |4 0 |6 621_313000000000000_CHA_2000 |7 0 |8 A |9 360570 |a BIBING |b BIBING |c RES |d 2019-11-21 |i 3861430 |o 621.313 CHA 2000 |p 3861430 |r 2025-01-20 |w 2019-11-21 |y BK |k EIE | ||
| 952 | |0 0 |1 0 |2 ddc |4 0 |6 621_313000000000000_CHA_2000 |7 0 |8 A |9 360571 |a BIBING |b BIBING |c RES |d 2019-11-21 |i 3861449 |o 621.313 CHA 2000 |p 3861449 |r 2025-01-20 |w 2019-11-21 |y BK |k EIE | ||
| 952 | |0 0 |1 0 |2 ddc |4 0 |6 621_313000000000000_CHA_2000 |7 0 |8 A |9 360572 |a BIBING |b BIBING |c RES |d 2019-11-21 |i 3861457 |o 621.313 CHA 2000 |p 3861457 |r 2025-01-20 |w 2019-11-21 |y BK |k EIE | ||
| 952 | |0 0 |1 0 |2 ddc |4 0 |6 621_313000000000000_CHA_2000 |7 0 |8 A |9 360574 |a BIBING |b BIBING |c RES |d 2019-11-21 |i 3861481 |o 621.313 CHA 2000 |p 3861481 |r 2025-01-20 |w 2019-11-21 |y BK |k EIE | ||
| 952 | |0 0 |1 0 |2 ddc |4 0 |6 621_313000000000000_CHA_2000 |7 0 |8 A |9 360575 |a BIBING |b BIBING |c RES |d 2019-11-21 |i 3867986 |o 621.313 CHA 2000 |p 3867986 |r 2025-01-20 |w 2019-11-21 |y BK |k EIE | ||
| 952 | |0 0 |1 0 |2 ddc |4 0 |6 621_313000000000000_CHA_2000 |7 0 |8 A |9 360576 |a BIBING |b BIBING |c RES |d 2019-11-21 |i 3957179 |o 621.313 CHA 2000 |p 3957179 |r 2025-01-20 |w 2019-11-21 |y BK |k EIE | ||
| 952 | |0 0 |1 0 |2 ddc |4 0 |6 621_313000000000000_CHA_2000 |7 0 |8 A |9 360577 |a BIBING |b BIBING |c RES |d 2019-11-21 |i 3957187 |o 621.313 CHA 2000 |p 3957187 |r 2025-01-20 |w 2019-11-21 |y BK |k EIE | ||
| 952 | |0 0 |1 0 |2 ddc |4 0 |6 621_313000000000000_CHA_2000 |7 0 |8 A |9 360578 |a BIBING |b BIBING |c RES |d 2019-11-21 |i 3957195 |o 621.313 CHA 2000 |p 3957195 |r 2025-01-20 |w 2019-11-21 |y BK |k EIE | ||
| 952 | |0 0 |1 0 |2 ddc |4 0 |6 621_313000000000000_CHA_2000 |7 0 |8 A |9 360579 |a BIBING |b BIBING |c RES |d 2019-11-21 |i 3957209 |o 621.313 CHA 2000 |p 3957209 |r 2025-01-20 |w 2019-11-21 |y BK |k EIE | ||
| 952 | |0 0 |1 0 |2 ddc |4 0 |6 621_313000000000000_CHA_2000 |7 0 |8 A |9 360581 |a BIBING |b BIBING |c RES |d 2019-11-21 |i 3957225 |o 621.313 CHA 2000 |p 3957225 |r 2025-01-20 |w 2019-11-21 |y BK |k EIE | ||
| 952 | |0 0 |1 0 |2 ddc |4 0 |6 621_313000000000000_CHA_2000 |7 0 |8 A |9 360582 |a BIBING |b BIBING |c RES |d 2019-11-21 |i 3957233 |o 621.313 CHA 2000 |p 3957233 |r 2025-01-20 |w 2019-11-21 |y BK |k EIE | ||
| 952 | |0 0 |1 0 |2 ddc |4 0 |6 621_313000000000000_CHA_2000 |7 0 |8 A |9 360583 |a BIBING |b BIBING |c RES |d 2019-11-21 |i 3957241 |l 1 |o 621.313 CHA 2000 |p 3957241 |r 2025-01-20 |s 2022-05-05 |w 2019-11-21 |y BK |k EIE | ||
| 952 | |0 0 |1 0 |2 ddc |4 0 |6 621_313000000000000_CHA_2000 |7 0 |8 A |9 360584 |a BIBING |b BIBING |c RES |d 2019-11-21 |i 395725K |o 621.313 CHA 2000 |p 395725K |r 2025-01-20 |w 2019-11-21 |y BK |k EIE | ||
| 952 | |0 0 |1 0 |2 ddc |4 0 |6 621_313000000000000_CHA_2000 |7 0 |8 A |9 360585 |a BIBING |b BIBING |c RES |d 2019-11-21 |i 3957268 |o 621.313 CHA 2000 |p 3957268 |r 2025-01-20 |w 2019-11-21 |y BK |k EIE | ||
| 952 | |0 0 |1 0 |4 0 |6 621_313000000000000_CHA_2000 |7 0 |8 R |9 360586 |a BIBMEC |b BIBMEC |d 2019-11-21 |i 4072472 |o 621.313 CHA 2000 |p 4072472 |r 2024-01-19 |w 2019-11-21 |y BK_R |k MEC | ||